LEADER 00938nam0-2200289---450- 001 990009928630403321 005 20150506114315.0 010 $a9788875242824 035 $a000992863 035 $aFED01000992863 035 $a(Aleph)000992863FED01 035 $a000992863 100 $a20150113d2014----km-y0itay50------ba 101 0 $aita 102 $aIT 105 $ay-------001yy 200 1 $aEmergenza carceri e sistema penale$ei decreti leggi del 2013 e la sentenza della Corte cost. n. 32/2014. Aggiornato al d.l. 20 marzo 2014, n. 36$fAngela Della Bella$gpresentazione di E. Dolcini e G.L. Gatta 210 $aTorino$cGiappichelli$d2014 215 $aXII, 208 p.$d24 cm 700 1$aDella Bella,$bAngela$0524371 801 0$aIT$bUNINA$gRICA$2UNIMARC 901 $aBK 912 $a990009928630403321 952 $a5,1-714$bP6$fDSPCP 959 $aDSPCP 996 $aEmergenza carceri e sistema penale$9830570 997 $aUNINA LEADER 01176nam 2200361 450 001 9910138269503321 005 20221013135442.0 010 $a953-51-5123-1 035 $a(CKB)3230000000076374 035 $a(NjHacI)993230000000076374 035 $a(EXLCZ)993230000000076374 100 $a20221013d2012 uy 0 101 0 $aeng 135 $aur||||||||||| 181 $ctxt$2rdacontent 182 $cc$2rdamedia 183 $acr$2rdacarrier 200 00$aManagement of technological innovation in developing and developed countries /$fHongYi Sun, editor 210 1$a[Place of publication not identified] :$cInTech,$d[2012] 210 4$d©2012 215 $a1 online resource (326 pages) $cillustrations 311 $a953-51-0365-2 320 $aIncludes bibliographical references. 606 $aTechnological innovations$zDeveloping countries 615 0$aTechnological innovations 676 $a338.064091724 702 $aSun$b HongYi 801 0$bNjHacI 801 1$bNjHacl 906 $aBOOK 912 $a9910138269503321 996 $aManagement of Technological Innovation in Developing and Developed Countries$92010194 997 $aUNINA LEADER 02551nas 2200649-a 450 001 9910145165303321 005 20260218112420.0 035 $a(CKB)1000000000273896 035 $a(CONSER)---92644503- 035 $a(DE-599)ZDB2723744-8 035 $a(DE-599)2723744-8 035 $a(EXLCZ)991000000000273896 100 $a19860617a19859999 -a- - 101 0 $aspa 181 $ctxt$2rdacontent 182 $cc$2rdamedia 183 $acr$2rdacarrier 200 10$aRevista trimestral /$fBanco Central de Reserva de El Salvador 210 $aSan Salvador, El Salvador $cDepartamento de Investigacones Económicas$d[1985]- 215 $a1 online resource 311 08$aPrint version: Revista trimestral (Banco Central de Reserva de El Salvador) 1029-1067 (DLC) 92644503 (OCoLC)13740975 517 1 $aRevista del Banco Central de Reserva de El Salvador 606 $aBanks and banking$zEl Salvador$vStatistics$vPeriodicals 606 $aBanks and banking$2fast$3(OCoLC)fst00826867 606 $aCommerce$2fast$3(OCoLC)fst00869279 606 $aEconomic history$2fast$3(OCoLC)fst00901974 606 $aStatistics$zEl Salvador$2ltcsh 606 $aWirtschaftsstatistik$2stw 606 $aMonetäre Statistik$2stw 606 $aFinanzstatistik$2stw 606 $aEl Salvador$2stw 607 $aEl Salvador$xCommerce$vStatistics$vPeriodicals 607 $aEl Salvador$xEconomic conditions$y20th century$vStatistics$vPeriodicals 607 $aEl Salvador$xCommerce$vStatistics$vPeriodicals 607 $aEl Salvador$xEconomic conditions$y1945-$vStatistics$vPeriodicals 607 $aEl Salvador$2fast 608 $aPeriodicals.$2fast 608 $aStatistics.$2fast 615 0$aBanks and banking 615 7$aBanks and banking. 615 7$aCommerce. 615 7$aEconomic history. 615 7$aStatistics 615 7$aWirtschaftsstatistik. 615 7$aMonetäre Statistik. 615 7$aFinanzstatistik. 615 7$aEl Salvador. 676 $a330.97284 712 02$aBanco Central de Reserva de El Salvador.$bDepartamento de Investigaciones Econo?micas. 712 02$aBanco Central de Reserva de El Salvador.$bSub-Gerencia de Poli?tica Econo?mica. 712 02$aBanco Central de Reserva de El Salvador.$bGerencia de Poli?tica Econo?mica. 712 02$aBanco Central de Reserva de El Salvador.$bGerencia de Estudios Econo?micos. 906 $aJOURNAL 912 $a9910145165303321 920 $aexl_impl conversion 996 $aRevista trimestral$92271980 997 $aUNINA